| 000 | 00455 a2200169 4500 | ||
|---|---|---|---|
| 005 | 20250613092311.0 | ||
| 020 | _a978-0-07-293117-4 | ||
| 082 | _a657 LIB | ||
| 100 | _aLIBBY, R | ||
| 245 | _aFinancial Accounting | ||
| 250 | _a5th Ed. | ||
| 260 |
_aBoston _bMcGraw-Hill Irwin _c2007. |
||
| 300 |
_axxxi,750p.:ill.; pictures, tables and charts _bGlossary and Index _c28 cm |
||
| 700 | _aPatricia A. Libby | ||
| 700 | _a Daniel G. Short | ||
| 942 |
_2ddc _cBKS |
||
| 999 |
_c3725 _d3725 |
||